Manual de Tratamiento de aguas

Bibliographic Details
Main Author:  Departamento de Sanidad del Estado de Nueva York
Format: Section = Libro
Language:Undetermined
Spanish
Published: México Limusa/Noriega 1964
Subjects:
LEADER 00585nam a2200205Ia 4500
008 241007s9999||||xx |||||||||||||| ||und||
020 |a 968-18-0463-5 
040 |a BIBLIOTECA-RURC/ 628.162 E79 
041 |a spa 
082 |a 628.162 E79 
100 1 |a  Departamento de Sanidad del Estado de Nueva York 
245 1 0 |a Manual de Tratamiento de aguas 
260 |a México  |b Limusa/Noriega  |c 1964 
300 |a 169 p. :il. 
650 7 |a FUENTES DE AGUAS 
650 7 |b  UNIDADES DE MEDIDAS 
650 7 |c  MÉTODOS DE PURIFICACIÓN DEL AGUA. 
942 |c BK  |2 ddc 
991 |a TEXTO 
999 |c 14503